Mots en sandwich #1 - Statistiques

Statistiques générales
  • Ce quiz a été pris 185 990 fois
  • Le résultat moyen est 14 sur 18
Statistiques - réponses
Mot1 Réponse mot2 % Correct
Requin... marteau ...piqueur
98%
Tueur en... série ...télé
95%
Croiser le... fer ... à repasser
89%
Traité de... paix ...à son âme
89%
Lancer de... ... à coudre
88%
Salle de... jeu ...de société
88%
Jeu de... cartes ...sur table
87%
Plein aux... as ...de coeur
84%
Voiture de... course ...à pied
81%
Pense... bête ...de foire
80%
Circuit... court ...circuit
71%
Point à la... ligne ...Maginot
71%
Cale... porte ...document
67%
Serviette de... table ...à langer
67%
Livre de... poche ...à douille
63%
Forte... tête ...bêche
55%
Feu... rouge ...pivoine
52%
Top... secret ...défense
34%
Aucun quiz correspondant
Distribution des résultats
% des personnes avec chaque résultat
Percentile par nombre de réponses
Votre historique - résultats
Vous n’avez pas pris ce quiz